| 000 | 00841nam a22003012a 4500 | ||
|---|---|---|---|
| 001 | 35944 | ||
| 003 | BD-RjUL | ||
| 005 | 20211209052415.0 | ||
| 008 | 500101s1964 enk b 000 0 eng d | ||
| 035 | _a(BD-RjUL)36041 | ||
| 040 |
_aDLC _cDLC _dBD-RjUL _dBD-RjUL _beng |
||
| 041 | _aeng | ||
| 082 |
_a320.15 _bPII 1967 |
||
| 100 | 1 |
_aPickles, Dorothy Maud. _976678 |
|
| 245 | 1 | 0 |
_aIntroduction to politics / _cDorothy M. Pickles |
| 250 | _aRev. ed. | ||
| 260 |
_aLondon : _bMethuen, _c1964 [Reprinted 1967] |
||
| 300 |
_a224 p. ; _c21 cm |
||
| 490 | 1 |
_aUniversity paperbacks ; _v119 |
|
| 504 | _aBibliography: p. 218-220 | ||
| 650 | 0 |
_aCivics _917258 |
|
| 650 | 0 |
_aState, The _9109414 |
|
| 830 | 0 |
_v119 _9109416 |
|
| 830 | 0 |
_aUniversity paperbacks ; _925556 |
|
| 942 |
_2ddc _cBK |
||
| 999 |
_c35944 _d35944 |
||